|
|
|
|
| LEADER |
00000nam a2200000Ii 4500 |
| 001 |
DIGOLEJNK1457 |
| 003 |
NyNyDIG |
| 006 |
m o d |
| 007 |
cr ||||||||||| |
| 008 |
240902s2023 cl o 000 0 spa d |
| 035 |
|
|
|a (OCoLC)1427227100
|
| 040 |
|
|
|a DGITA
|b eng
|e rda
|e pn
|c DGITA
|
| 020 |
|
|
|z 9789564072999
|
| 050 |
1 |
4 |
|a KZ3410 ebook
|
| 100 |
1 |
|
|a Kelsen, Hans,
|d 1881-1973,
|e author.
|
| 245 |
1 |
0 |
|a Principios de derecho internacional público /
|c Hans Kelsen ; edición al cuidado de Carlos Antonio Agurto Gonzáles, Sonia Lidia Quequejana Mamani, Benigno Choque Cuenca ; traducción de Hugo Caminos y Ernesto C. Hermida.
|
| 264 |
|
1 |
|a Santiago, Chile :
|b Ediciones Olejnik,
|c [2023]
|
| 300 |
|
|
|a 1 online resource.
|
| 336 |
|
|
|a text
|b txt
|2 rdacontent
|
| 337 |
|
|
|a computer
|b c
|2 rdamedia
|
| 338 |
|
|
|a online resource
|b cr
|2 rdacarrier
|
| 347 |
|
|
|a text file
|2 rdaft
|
| 347 |
|
|
|b PDF
|
| 490 |
1 |
|
|a Biblioteca de derecho internacional
|
| 588 |
0 |
|
|a Online resource; title from ePub title page (Digitalia, viewed September 2, 2024)
|
| 650 |
|
0 |
|a International law
|x Philosophy.
|
| 700 |
1 |
|
|a Agurto Gonzáles, Carlos Antonio,
|e editor.
|
| 700 |
1 |
|
|a Quequejana Mamani, Sonia Lidia,
|e editor.
|
| 700 |
1 |
|
|a Choque Cuenca, Benigno,
|e editor.
|
| 700 |
1 |
|
|a Caminos, Hugo,
|e translator.
|
| 700 |
1 |
|
|a Hermida, Ernesto C.,
|e translator.
|
| 791 |
2 |
|
|a Digitalia (Firm),
|e distributor.
|
| 793 |
0 |
|
|g Digitalia eBook Collection:
|a Ediciones Olejnik
|
| 776 |
0 |
8 |
|i Print version:
|a Kelsen, Hans, 1881-1973.
|t Principios de derecho internacional público.
|b Primera edición en Ediciones Olejnik.
|d Santiago, Chile : Ediciones Olejnik, 2023
|z 9789564072999
|
| 830 |
|
0 |
|a Biblioteca de derecho internacional.
|
| 856 |
4 |
0 |
|3 Digitalia Hispánica
|u https://www.digitaliapublishing.com/a/157976/
|
| 910 |
|
|
|a Premium collection: 2024
|